L'aventure de concorde

Сохранить в:
Библиографические подробности
Главный автор: Denarié, Paul
Формат:
Язык:Undetermined
Опубликовано: Paris Les Presses Noires 1969
Предметы:
Метки: Добавить метку
Нет меток, Требуется 1-ая метка записи!
Thư viện lưu trữ: Trung tâm Học liệu Trường Đại học Cần Thơ
LEADER 00432nam a2200169Ia 4500
001 CTU_78438
008 210402s9999 xx 000 0 und d
082 |a 629.1 
082 |b D391 
100 |a Denarié, Paul 
245 0 |a L'aventure de concorde 
245 0 |c Paul Denarié 
260 |a Paris 
260 |b Les Presses Noires 
260 |c 1969 
650 |a Concorde 
980 |a Trung tâm Học liệu Trường Đại học Cần Thơ